000 00664nam a2200181Ia 4500
008 090124s9999 xx 000 0 und d
082 _b19024
_a273
100 _aभावे वि.ल.
245 _a महाराष्ट्र काव्य ग्रंथ अध्याय 1 ला
250 _a1
260 _c1974
300 _a316
600 _aभावे वि.ल.
630 _a महाराष्ट्र काव्य ग्रंथ अध्याय 1 ला
700 _aभावे वि.ल.
730 _a महाराष्ट्र काव्य ग्रंथ अध्याय 1 ला
942 _cBOOK
999 _c132965
_d132965